2026/27 Champions League Teams - Statistics

General Stats
  • This quiz has been taken 47 times
    30 since last reset
  • The average score is 21 of 25
Answer Stats
League Club % Correct
Premier League Manchester City
100%
Premier League Arsenal
96%
La Liga Barcelona
96%
Bundesliga Bayern Munich
96%
Premier League Manchester United
96%
Serie A Napoli
96%
La Liga Real Madrid
96%
Bundesliga Borussia Dortmund
92%
Serie A Inter Milan
92%
Ligue 1 Paris Saint-Germain
92%
Premier League Aston Villa
88%
La Liga Atletico Madrid
85%
Eredivisie PSV Eindhoven
85%
Bundesliga VfB Stuttgart
81%
Ligue 1 RC Lens
77%
La Liga Real Betis
77%
La Liga Villarreal
77%
Eredivisie Feyenoord
73%
Süper Lig Galatasaray
73%
Ligue 1 LOSC Lille
73%
Czech First League Slavia Prague
69%
Primeira Liga Porto
65%
Belgian Pro League Club Brugge
62%
Bundesliga RB Leipzig
62%
Ukrainian Premier League Shakhtar Donetsk
58%
No matching quizzes found
Score Distribution
Percent of People with Each Score
Percentile by Number Answered
Your Score History
You have not taken this quiz since the last reset